| 000 | 00424nam a2200121Ia 4500 | ||
|---|---|---|---|
| 008 | 171212s9999 xx 000 0 und d | ||
| 020 | _a9780801491528 | ||
| 100 | _aBuell, Lawrence | ||
| 245 |
_cBuell, Lawrence _aLiterary Transcendentalism _bStyle and Vision in the American Renaissance |
||
| 260 |
_bCornell University Press _c1973 |
||
| 650 | _aLanguage & Literature | ||
| 856 | _uhttp://jstor.org/stable/10.7591/j.ctt1g69x7r | ||
| 999 |
_c351446 _d351446 |
||